000 01173cam a22003617a 4500
003 CHAP
005 20220817043551.0
008 990813d1994 it rn 00110 eng d
010 _a78712
011 _a79684
020 _a9251036055
035 _a90069
040 _cCHAP
082 0 4 _a301.35
_bF5 v.8
110 2 _aFAO
245 1 4 _aThe development of independent cooperatives in Zambia :
_ba case-study
_c/by Paul Ojermark and Charles Chabala
260 _aRome :
_bFAO,
_c1994.
300 _a59 p.
490 0 _aFAO. Participación popular
_v; 8
590 _aBATCH-UPD
_b10
_c20130110
_lUCH01
_h0649
590 _aBATCH-UPD
_b10
_c20130110
_lUCH01
_h2339
590 _aBATCH-UPD
_b10
_c20130410
_lUCH01
_h0334
590 _aBATCH-UPD
_b10
_c20130914
_lUCH01
_h1849
590 _aCONVERSION
_b10
_c20130109
_lUCH01
_h1344
650 1 _aSociedades cooperativas
_xZambia
_9108141
700 0 _aChabala, Charles.
_921681
700 0 _aOjermark, Paul.
_982928
830 0 _aFAO. Participación popular
_v; 8
_939644
901 _aBK
905 _aLilia Sánchez G.
942 _cLIBRO
949 _a301.35 F5 v.8
_bBC
_cFAO
_d33724000737292
_eFAO1
_h96160
_i90069
_kDonaciØn
_sb
999 _c78712
_d78712